| 000 | 00952nam a2200301Ia 4500 | ||
|---|---|---|---|
| 001 | Para_3663 | ||
| 003 | CHAP | ||
| 008 | 220125s1971 xx 000 0 und d | ||
| 010 | _a202263 | ||
| 040 | _cCHAP | ||
| 082 | _aPA 632.9 T4 1971 | ||
| 111 |
_aTexas conference on insect, plant disease, weed and brush control (4 : 1971 : College Station, Tex.) _9112530 |
||
| 245 |
_aProceedings / _c Texas A and M University |
||
| 260 |
_aCollege Station : _b The University |
||
| 300 | _a179 p. | ||
| 650 |
_aArbustos _x Erradicación _96726 |
||
| 650 |
_aControl biológico de insectos _927582 |
||
| 650 |
_aControl de plagas _x Congresos _927597 |
||
| 650 |
_aFitopatología _x Congresos _941165 |
||
| 650 |
_aMalas hierbas _x Control _970011 |
||
| 901 | _aPA 632.9 T4 1971 | ||
| 902 | _aA | ||
| 905 | _a0000001971 ck 0000000000 00 | ||
| 910 | _a1971 | ||
| 942 | _cPARA | ||
| 942 |
_cPARA _d1 |
||
| 999 |
_c202263 _d202263 |
||